The readings in Philippine history/ (Record no. 3949)

MARC details
000 -LEADER
fixed length control field 00800nam a22002417a 4500
003 - CONTROL NUMBER IDENTIFIER
control field OSt
005 - DATE AND TIME OF LATEST TRANSACTION
control field 20250813033452.0
008 - FIXED-LENGTH DATA ELEMENTS--GENERAL INFORMATION
fixed length control field 250813b |||||||| |||| 00| 0 eng d
040 ## - CATALOGING SOURCE
Original cataloging agency DWC-Main Lib
Transcribing agency OC
082 ## - DEWEY DECIMAL CLASSIFICATION NUMBER
Classification number Fil. 991.408 R287 2021
100 ## - MAIN ENTRY--PERSONAL NAME
Personal name Martinez, Rodolfo
245 ## - TITLE STATEMENT
Title The readings in Philippine history/
Statement of responsibility, etc. Rodolfo Martinez [and five others]
260 ## - PUBLICATION, DISTRIBUTION, ETC.
Place of publication, distribution, etc. Intramuros Manila:
Name of publisher, distributor, etc. Mind Shapers Co., Inc.,
Date of publication, distribution, etc. c2021.
300 ## - PHYSICAL DESCRIPTION
Extent vi, 414 pages :
Other physical details Illustrations ;
Dimensions 26cm.
504 ## - BIBLIOGRAPHY, ETC. NOTE
Bibliography, etc. note includes bibliographic references.
650 ## - SUBJECT ADDED ENTRY--TOPICAL TERM
Topical term or geographic name entry element 1. History --- Philippines.
700 ## - ADDED ENTRY--PERSONAL NAME
Personal name Tayaban, DIizon
700 ## - ADDED ENTRY--PERSONAL NAME
Personal name Fragata, Remedios Dolor Laroya
700 ## - ADDED ENTRY--PERSONAL NAME
Personal name Viloria, Marjie Emelda
700 ## - ADDED ENTRY--PERSONAL NAME
Personal name Dulay, Michele Jaymalin
700 ## - ADDED ENTRY--PERSONAL NAME
Personal name Cristobal, Joseph
942 ## - ADDED ENTRY ELEMENTS (KOHA)
Source of classification or shelving scheme Dewey Decimal Classification
Koha item type Book-Filipiniana
Call number prefix Fil.
Suppress in OPAC No
952 ## - LOCATION AND ITEM INFORMATION (KOHA)
--
Holdings
Withdrawn status Lost status Source of classification or shelving scheme Damaged status Not for loan Home library Current library Shelving location Date acquired Source of acquisition Cost, normal purchase price Total Checkouts Full call number Barcode Date last seen Copy number Price effective from Koha item type Uniform Resource Identifier
    Dewey Decimal Classification     College Library College Library Filipiniana 09/13/2022 School Fund 0.00   Fil. 991.408 R287 2021 CL53389 08/13/2025 c1 08/13/2025 BK - FIL